| 000 | 00318nam a2200121Ia 4500 | ||
|---|---|---|---|
| 008 | 190216s9999||||xx |||||||||||||| ||und|| | ||
| 100 | _aSivadasn C.P | ||
| 245 | 0 | _aModern Prose For Colleges(Pre Degree Ii Nd Year) | |
| 260 |
_bCalicut University Publications _c1993 |
||
| 300 | _a60 | ||
| 650 | _aEnglish | ||
| 942 | _cBK | ||
| 999 |
_c13654 _d13654 |
||